<?xml version="1.0" encoding="UTF-8"?>
<record
    xmlns:xsi="http://www.w3.org/2001/XMLSchema-instance"
    xsi:schemaLocation="http://www.loc.gov/MARC21/slim http://www.loc.gov/standards/marcxml/schema/MARC21slim.xsd"
    xmlns="http://www.loc.gov/MARC21/slim">

  <leader>00803nam a2200265I  4500</leader>
  <controlfield tag="001">15699</controlfield>
  <controlfield tag="003">BD-RjUL</controlfield>
  <controlfield tag="005">20211208235853.0</controlfield>
  <controlfield tag="008">140210r19571956nyua          001 0 eng c</controlfield>
  <datafield tag="035" ind1=" " ind2=" ">
    <subfield code="a">(BD-RjUL)15754</subfield>
    <subfield code="a">MITb10893756</subfield>
  </datafield>
  <datafield tag="035" ind1=" " ind2=" ">
    <subfield code="a">(OCoLC)01059049</subfield>
  </datafield>
  <datafield tag="040" ind1=" " ind2=" ">
    <subfield code="a">WSC</subfield>
    <subfield code="c">WSC</subfield>
    <subfield code="d">BD-RjUL</subfield>
    <subfield code="b">eng</subfield>
  </datafield>
  <datafield tag="041" ind1=" " ind2=" ">
    <subfield code="a">eng</subfield>
  </datafield>
  <datafield tag="082" ind1=" " ind2=" ">
    <subfield code="a">331.15</subfield>
    <subfield code="b">FOP 1957</subfield>
  </datafield>
  <datafield tag="100" ind1="1" ind2=" ">
    <subfield code="a">Fogarty, Michael P.</subfield>
    <subfield code="9">48719</subfield>
  </datafield>
  <datafield tag="245" ind1="1" ind2="0">
    <subfield code="a">Personality and group relations in industry /</subfield>
    <subfield code="c">Michael P. Fogarty</subfield>
  </datafield>
  <datafield tag="260" ind1=" " ind2=" ">
    <subfield code="a">New York ; London :</subfield>
    <subfield code="b">Longmans; Green,</subfield>
    <subfield code="c">c1956 [impration 1957].</subfield>
  </datafield>
  <datafield tag="300" ind1=" " ind2=" ">
    <subfield code="a">ix, 341 p. :</subfield>
    <subfield code="b">ill. ;</subfield>
    <subfield code="c">23 cm.</subfield>
  </datafield>
  <datafield tag="504" ind1=" " ind2=" ">
    <subfield code="a">Includes index.</subfield>
  </datafield>
  <datafield tag="650" ind1=" " ind2="0">
    <subfield code="a">Psychology, Industrial.</subfield>
    <subfield code="9">3670</subfield>
  </datafield>
  <datafield tag="650" ind1=" " ind2="0">
    <subfield code="a">Industrial relations.</subfield>
    <subfield code="9">48720</subfield>
  </datafield>
  <datafield tag="942" ind1=" " ind2=" ">
    <subfield code="2">ddc</subfield>
    <subfield code="c">BK</subfield>
  </datafield>
  <datafield tag="999" ind1=" " ind2=" ">
    <subfield code="c">15699</subfield>
    <subfield code="d">15699</subfield>
  </datafield>
  <datafield tag="952" ind1=" " ind2=" ">
    <subfield code="0">0</subfield>
    <subfield code="1">0</subfield>
    <subfield code="2">ddc</subfield>
    <subfield code="4">0</subfield>
    <subfield code="7">1</subfield>
    <subfield code="8">NFIC</subfield>
    <subfield code="a">RUCL</subfield>
    <subfield code="b">RUCL</subfield>
    <subfield code="c">Reading</subfield>
    <subfield code="d">2064-08-31</subfield>
    <subfield code="e">Zeitlinger</subfield>
    <subfield code="g">32.60</subfield>
    <subfield code="l">0</subfield>
    <subfield code="o">331.15 FOP 1957</subfield>
    <subfield code="r">2014-02-10 00:00:00</subfield>
    <subfield code="t">C-1</subfield>
    <subfield code="w">2014-02-10</subfield>
    <subfield code="y">BK</subfield>
  </datafield>
  <datafield tag="952" ind1=" " ind2=" ">
    <subfield code="0">0</subfield>
    <subfield code="1">0</subfield>
    <subfield code="2">ddc</subfield>
    <subfield code="4">0</subfield>
    <subfield code="7">0</subfield>
    <subfield code="8">NFIC</subfield>
    <subfield code="a">RUCL</subfield>
    <subfield code="b">RUCL</subfield>
    <subfield code="c">Stack</subfield>
    <subfield code="d">1964-08-01</subfield>
    <subfield code="e">Zeitlinger</subfield>
    <subfield code="g">32.60</subfield>
    <subfield code="l">0</subfield>
    <subfield code="o">331.15 FOP 1957</subfield>
    <subfield code="r">2019-06-29 00:00:00</subfield>
    <subfield code="t">C-2</subfield>
    <subfield code="w">2019-06-29</subfield>
    <subfield code="y">BK</subfield>
  </datafield>
  <datafield tag="952" ind1=" " ind2=" ">
    <subfield code="0">0</subfield>
    <subfield code="1">0</subfield>
    <subfield code="2">ddc</subfield>
    <subfield code="4">0</subfield>
    <subfield code="7">0</subfield>
    <subfield code="8">NFIC</subfield>
    <subfield code="a">RUCL</subfield>
    <subfield code="b">RUCL</subfield>
    <subfield code="c">Stack</subfield>
    <subfield code="d">1964-08-31</subfield>
    <subfield code="e">Zeitlinger</subfield>
    <subfield code="g">32.60</subfield>
    <subfield code="l">0</subfield>
    <subfield code="o">331.15 FOP 1957</subfield>
    <subfield code="r">2019-06-29 00:00:00</subfield>
    <subfield code="t">C-3</subfield>
    <subfield code="w">2019-06-29</subfield>
    <subfield code="y">BK</subfield>
  </datafield>
</record>
